| 000 | 00343nam a2200133Ia 4500 | ||
|---|---|---|---|
| 008 | 240624s9999 xx 000 0 und d | ||
| 041 | _aeng | ||
| 082 | _a659.1 CHA | ||
| 100 | _aCHAUDHURI ARUN | ||
| 245 | _aINDIAN ADVERTISING 1780 1950 AD | ||
| 260 |
_c2010 _aNew Delhi _bTata McGraw- Hill |
||
| 300 | _a285 : p. : cm. ; 24 | ||
| 365 |
_cRS _b30 |
||
| 999 |
_c15689 _d15689 |
||